Elektronický obchod ako nástroj konkurenčnej výhody diplomová práca

Saved in:
Bibliographic Details
Main Author: Ondruš, Roman
Corporate Author: Fakulta podnikového manažmentu EU. Katedra informačného manažmentu
Other Authors: Hamranová, Anna, 1957-
Format: Book
Language:Slovak
Published: Bratislava 2009
Tags: Add Tag
No Tags, Be the first to tag this record!

MARC

LEADER 00000nam$a2200000$$$4500
001 0101232
005 20240320074931.9
041 0 |a slo 
044 |a SK 
245 1 0 |a Elektronický obchod ako nástroj konkurenčnej výhody  |b diplomová práca  |c Roman Ondruš ; škol. Anna Hamranová 
264 1 |a Bratislava  |c 2009 
300 |a 52 s. 
100 1 |a Ondruš, Roman 
700 1 |a Hamranová, Anna, 1957- 
710 2 |a Fakulta podnikového manažmentu EU. Katedra informačného manažmentu